Catálogo
 En Linea

San Francisco de Macorís íntimo / (Registro nro. 26578)

Detalles MARC
000 -CABECERA
campo de control de longitud fija 00522nam a2200169 a 4500
001 - NÚMERO DE CONTROL
campo de control 000027086
005 - FECHA Y HORA DE LA ÚLTIMA TRANSACCIÓN
campo de control 20200930030607.0
008 - DATOS DE LONGITUD FIJA--INFORMACIÓN GENERAL
campo de control de longitud fija 110329s2004 dr c 000 0 spa d
040 ## - FUENTE DE LA CATALOGACIÓN
Centro catalogador/agencia de origen DO-SdBNP
Lengua de catalogación spa
Centro/agencia transcriptor BNPHU
049 ## - FONDOS LOCALES (OCLC)
Fondos de biblioteca BNPD
100 1# - ENTRADA PRINCIPAL--NOMBRE DE PERSONA
Nombre de persona Almanzar, Eugenio C.
9 (RLIN) 54165
245 10 - MENCIÓN DE TÍTULO
Título San Francisco de Macorís íntimo /
Mención de responsabilidad, etc. Eugenio C. Almanzar.
260 ## - PUBLICACIÓN, DISTRIBUCIÓN, ETC.
Lugar de publicación, distribución, etc. [Santo Domingo,
Fecha de publicación, distribución, etc. 195-?].
300 ## - DESCRIPCIÓN FÍSICA
Extensión 272 P. ;
Dimensiones 23 cm.
500 ## - NOTA GENERAL
Nota general Incluye notas al pie de las páginas
590 ## - NOTA LOCAL (RLIN)
Nota local La bibliteca posee un ejemplar autografiado
Existencias
Estado de retiro Estado de pérdida No para préstamo Código de colección Localización permanente Ubicación/localización actual Ubicación en estantería Fecha de adquisición Número de inventario Total de préstamos Signatura topográfica completa Código de barras Fecha visto por última vez Precio válido a partir de Tipo de ítem Koha
    Excluido de préstamo Patrimonio Dominicano Patrimonio Dominicano Patrimonio Dominicano En catalogación 29.03.2011 LF1   27086-10 25.06.2020 25.06.2020 Libro y Folleto Colección Patrimonio Dominicano

Con tecnología Koha